000 00699nam a2200253Ia 4500
003 OSt
005 20221005065831.0
006 a|||||r|||| 00| 0
007 ta
008 221004b |||||||| |||| 00| 0 hin d
020 _a5050010888
024 _a50046
037 _cTextual
040 _aCRL
_cCRL
_bhin
041 _2hin
_ahin
082 _aO142,3NPQ,B, 152M8
100 _aQadyruv Pirimqul
_9605023
245 0 _aBabar tr by Sudhir Kumar Mathur and others
260 _aMoscow
_bRaduga Prakashan USSR
_c1988
300 _a570p.
_ccm.
650 _aENGLISH LITERATURE
942 _hO142,3NPQ,B, 152M8
_cTEXL
_2cc
999 _c975282
_d975282